| 000 | 01701nab a2200241 i 4500 | ||
|---|---|---|---|
| 001 | 768714001 | ||
| 003 | CO-MdFUSB | ||
| 005 | 20240620142017.0 | ||
| 008 | 240620t1992 us ||||| |||| 00| 0 eng d | ||
| 040 |
_bspa _cCO-MdFUSB _dCO-MdFUSB |
||
| 041 | _aeng | ||
| 100 |
_aLarson, Donald N., _eautor |
||
| 245 | 1 |
_aClosing space : _bde-alienation in missionary orientation _c/ Donald N. Larson |
|
| 520 | _aComo forastero en una comunidad, el propio marco conceptual del mundo de un misionero suele ser muy diferente del de sus anfitriones: los de dentro. No se hace mucho hasta que se cierra este espacio conceptual, y cerrar ese espacio depende principalmente de la iniciativa del extraño. Aprender a cerrar este espacio, un ejercicio de dealienación , debería convertirse en un principio organizativo central en la orientación de entrada (en el campo). Se presenta y desarrolla un modelo para un programa de 36 meses. Sin embargo, los voluntarios varían ampliamente en su potencial para cerrar brechas y su disposición para someterse al proceso de dealienación. Además, algunas situaciones plantean brechas amplias y difíciles de colmar. A veces los voluntarios se adaptan bien a las situaciones y otras no. Se presenta y discute un modelo para relacionar voluntarios y situaciones. | ||
| 546 | _atexto en inglés. | ||
| 650 | 7 |
_aMisioneros _9931 |
|
| 650 | 7 |
_aAntropología cultural y social _96714 |
|
| 650 | 0 |
_aVida cristiana _919 |
|
| 650 | 0 |
_aTeología práctica _9180 |
|
| 773 | 0 |
_049486 _961130 _d Pasadena _oR0884 _tMissiology: _w(CO-MdFUSB)97 _gVolumen 20, (número 4, 1992) páginas: 513 - 523 _qpágina: 513 |
|
| 942 | _cANA | ||
| 945 | _aCatherine Arias Álvarez - Practicante SENA | ||
| 999 |
_c70320 _d70320 |
||